Регионална библиотека "Любен Каравелов" - Русе

Сергей Рахманинов: дирижирует Евгений Светланов (Запис номер 529054)

MARC детайли
000 -Лидер
Лидер 01513njm a2200289 i 4500
001 - Контролен номер на записа
Контролен № 005369930
003 - Код на организацията, давaща контролен номер
Код на организацията, даваща контролен номер BLK
005 - Дата и час на последна редакция
Дата и час на последна редакция 20250317110823.0
007 - Фиксирано поле за физическо описани
Физическо описание sd ammalaaahaa
008 - Елементи от данни с фиксирана дължина
Елементи с фиксирана дължина 120116s1974 ru ptnng rus
028 02 - PUBLISHER NUMBER
Издателски номер 04195-96
040 ## - Източник на каталожния запис
Код на библиотеката BLK
041 ## - Код за език
Език на записа Руски
Език за КДБФ Руски
080 ## - УДК
УДК текст Симфоничен оркестър
УДК код 785.11
УДК – код + определител 785.11(086.72)
100 ## - Редна дума - Автор
R(LIN) 274401
Автор Рахманинов, Сергей Василиевич
245 ## - Сведения за заглавието
Заглавие Сергей Рахманинов: дирижирует Евгений Светланов
260 ## - Област на издателските данни
Място на издаване Москва
Име на издателя Мелодия
Година на издаване 1973
300 ## - Физическа характеристика
Брой страници 1 грамофонна плоча
Илюстрации 33 об/мин, стерео
Размер 30 см
380 ## - Жанр
Жанр Изкуство
500 ## - Общи забележки
Обща забележка КАПРИЧЧИО НА ЦЫГАНСКИЕ ТЕМЫ, соч. 12<br/><br/>ФРАГМЕНТЫ ИЗ ОПЕРЫ «АЛЕКО»<br/>Интродукция<br/>Пляска женщин<br/>Интермеццо<br/>Пляска мужчин<br/><br/>СКЕРЦО ДЛЯ ОРКЕСТРА, соч. 1887 года. Редакция П. Ламма<br/><br/>ГОСУДАРСТВЕННЫЙ АКАДЕМИЧЕСКИЙ СИМФОНИЧЕСКИЙ ОРКЕСТР СССР. Дирижер ЕВГЕНИЙ СВЕТЛАНОВ
700 ## - Други автори (авторска отговорност)
9 (RLIN) 315710
Друг автор Светланов, Евгений Федорович
710 ## - Име на организация или юридическо лице като допълнителен термин за търсене
9 (RLIN) 494156
Друг колективен автор Государственный академический симфонический оркестр СССР
852 ## - Местоположение
Сигнатура (форматна) Ф ІІ 5097
Отдел Хранилище
856 ## - Електронен адрес и достъп
Инструкция (цена за достъп) 0.00
Права за достъп disable
942 ## - АРТИКУЛИ
Вид на библиотечния документ Грамофонни плочи
Скрит в OPAC Не
944 ## - СЪЗДАВАНЕ И РЕДАКЦИЯ на ЗАПИСА
Дата на регистрацията/редакция Нора Радева
Служител, извършил регистрацията/редакцията 30545
Създаване/Редакция
Статус, дата на статуса Нора Радева
999 ## - СИСТЕМНИ КОНТРОЛНИ НОМЕРА
Koha biblionumber 529054
Koha biblioitemnumber 529054
Наличности
Код за отписване Код за изгубен артикул Източник на класификационната схема Код за повреда Коз за рестрикции Код за отдаване Артикулен № Име на библиотеката - собственик Име на библиотеката, в която се намира в момента Статус (Текущо местоположение) Дата на вписване в системата Местоположение - отдел Цена в лева Инвентарен номер Систематично азбучна сигнатура Баркод Цена в евро Служебен тип на артикула
  Не е изгубен Universal Decimal Classification Не е повреден само за читалня ползва се в читалня 963667 Регионална библиотека "Любен Каравелов" Русе Регионална библиотека "Любен Каравелов" Русе Хранилище 2025-03-17 Основен фонд - ползва се само за читалня 3.00 11214 Ф ІІ 5097 900000115680 1.53 Грамофонни плочи
Vip Innovations Ltd, Rousse, Bulgaria 2025